La orientación del adolescente: manual para orientadores educacionales y profesores jefes
Saved in:
| Hovedforfatter: | |
|---|---|
| Format: | Bog |
| Sprog: | spansk |
| Udgivet: |
Santiago
Del Pacífico
1965
|
| Fag: | |
| Tags: |
Tilføj Tag
Ingen Tags, Vær først til at tagge denne postø!
|
MARC
| LEADER | 00000nam a2200000 a 4500 | ||
|---|---|---|---|
| 001 | UCW6873 | ||
| 003 | CL-VaPUC | ||
| 008 | 920616e19650000CL |||||||||||||||||spa|d | ||
| 082 | 0 | 4 | |a 371.42 |b WEI |2 21 |
| 100 | 0 | |a Weitzman de Opazo, Cecilia |e author |9 311950 | |
| 245 | 1 | 3 | |a La orientación del adolescente: manual para orientadores educacionales y profesores jefes |
| 300 | |a 196 p | ||
| 942 | |c BK | ||
| 945 | |d 19920616 00:00:00 | ||
| 260 | |a Santiago |b Del Pacífico |c 1965 | ||
| 650 | 7 | |a ORIENTACION ESTUDIANTIL |2 CL-VaPUC |9 309268 | |
| 650 | 0 | |a Orientación vocacional |9 255692 | |
| 583 | |a last modification |c 19920616 00:00:00 |k Rodrigo Vera | ||
| 999 | |c 219784 |d 219782 | ||
| 952 | |0 0 |1 0 |4 0 |6 371_420000000000000_WEI_1965 |7 0 |8 P |9 211122 |a BIBEDU |b BIBEDU |c BIBEDU_PB |d 2019-11-15 |i 2793857 |o 371.42 WEI 1965 |p 2793857 |r 2024-01-25 |w 2019-11-15 |y BK |k EDU | ||
| 952 | |0 0 |1 0 |4 0 |6 371_420000000000000_WEI_1965 |7 0 |8 P |9 211123 |a BIBEDU |b BIBEDU |c BIBEDU_PB |d 2019-11-15 |i 1535951 |o 371.42 WEI 1965 |p 1535951 |r 2024-01-25 |w 2019-11-15 |y BK |k EDU | ||
| 952 | |0 0 |1 0 |4 0 |6 371_420000000000000_WEI_1965 |7 0 |8 P |9 211124 |a BIBEDU |b BIBEDU |c BIBEDU_PB |d 2019-11-15 |i 1535927 |o 371.42 WEI 1965 |p 1535927 |r 2024-01-25 |w 2019-11-15 |y BK |k EDU | ||
| 952 | |0 0 |1 0 |4 0 |6 371_420000000000000_WEI_1965 |7 0 |8 P |9 211125 |a BIBEDU |b BIBEDU |c BIBEDU_PB |d 2019-11-15 |i 2011905 |o 371.42 WEI 1965 |p 2011905 |r 2024-01-25 |w 2019-11-15 |y BK |k EDU | ||